000 00954nam a2200265Ia 4500
003 OSt
005 20220923211646.0
006 a|||||r|||| 00| 0
007 ta
008 220922b |||||||| |||| 00| 0 hin d
024 _a40,799
037 _cTextual
040 _aARTS
_cARTS
_bhin
041 _2hin
_ahin
082 _aO15:g(W94), 152M4
100 _aदीक्षित, हरिनारायण
245 0 _aसंस्कृत साहित्य में राष्ट्रिय भावना
246 _aSanskṛut sāhitya mean rāṣhṭriya bhāvanā
260 _aनयी दिल्ली
_b देववाणी - परिषद्
_c1984
300 _a594पृ.
_ccm.
500 _aBib 571-94p
650 _aहिन्दी साहित्य
_9156264
942 _hO15:g(W94), 152M4
_cTEXL
_2CC
999 _c302288
_d302288